<?xml version="1.0" encoding="UTF-8"?>
<record
    xmlns:xsi="http://www.w3.org/2001/XMLSchema-instance"
    xsi:schemaLocation="http://www.loc.gov/MARC21/slim http://www.loc.gov/standards/marcxml/schema/MARC21slim.xsd"
    xmlns="http://www.loc.gov/MARC21/slim">

  <leader>01063cam a2200253 a 4500</leader>
  <controlfield tag="001">82323</controlfield>
  <controlfield tag="003">BD-RjUL</controlfield>
  <controlfield tag="005">20231121115401.0</controlfield>
  <controlfield tag="008">060925s1951    ir ab    b    000 0 per d</controlfield>
  <datafield tag="035" ind1=" " ind2=" ">
    <subfield code="a">(BD-RjUL)82323</subfield>
  </datafield>
  <datafield tag="040" ind1=" " ind2=" ">
    <subfield code="a">Recon MBB</subfield>
    <subfield code="c">MBB</subfield>
    <subfield code="d">PUL</subfield>
    <subfield code="d">DLC-R</subfield>
    <subfield code="b">eng</subfield>
  </datafield>
  <datafield tag="041" ind1=" " ind2=" ">
    <subfield code="a">per</subfield>
  </datafield>
  <datafield tag="082" ind1=" " ind2=" ">
    <subfield code="2">23</subfield>
    <subfield code="a">891.551</subfield>
    <subfield code="b">FAH 1330 1951</subfield>
  </datafield>
  <datafield tag="100" ind1="1" ind2=" ">
    <subfield code="a">&#x641;&#x644;&#x633;&#x641;&#x649;&#x60C; &#x646;&#x635;&#x631;&#x627;&#x644;&#x644;&#x647;. ;; Falsaf&#x12B;, Na&#x1E63;r All&#x101;h</subfield>
    <subfield code="9">10135</subfield>
  </datafield>
  <datafield tag="245" ind1="1" ind2="0">
    <subfield code="a">&#x647;&#x634;&#x62A; &#x645;&#x642;&#x627;&#x644;&#x647; &#x62A;&#x627;&#x631;&#x64A;&#x62E;&#x649; &#x648; &#x627;&#x62F;&#x628;&#x649; /  ;; Hasht maq&#x101;lah-i t&#x101;r&#x12B;kh&#x12B; va adab&#x12B; /</subfield>
    <subfield code="c">&#x627;&#x632; &#x646;&#x635;&#x631;&#x627;&#x644;&#x644;&#x647; &#x641;&#x644;&#x633;&#x641;&#x649;. ;; az Na&#x1E63;r All&#x101;h Falsaf&#x12B;.</subfield>
  </datafield>
  <datafield tag="260" ind1=" " ind2=" ">
    <subfield code="a">Tihr&#x101;n :&#x62A;&#x647;&#x631;&#x627;&#x646; :</subfield>
    <subfield code="b">&#x686;&#x627;&#x67E;&#x62E;&#x627;&#x646;&#x647; &#x62F;&#x627;&#x646;&#x634;&#x6AF;&#x627;&#x647;&#x60C;  ;; Ch&#x101;pkh&#x101;nah-i D&#x101;nishg&#x101;h,</subfield>
    <subfield code="c">1330 [1951or 1952]</subfield>
  </datafield>
  <datafield tag="300" ind1=" " ind2=" ">
    <subfield code="a">6, 222, [1] p. :</subfield>
    <subfield code="b">ill., map ;</subfield>
    <subfield code="c">24 cm.</subfield>
  </datafield>
  <datafield tag="490" ind1="0" ind2=" ">
    <subfield code="a">&#x627;&#x646;&#x62A;&#x634;&#x627;&#x631;&#x627;&#x62A; &#x62F;&#x627;&#x646;&#x634;&#x6AF;&#x627;&#x647; &#x62A;&#x647;&#x631;&#x627;&#x646; &#x61B;  ;; Intish&#x101;r&#x101;t-i D&#x101;nishg&#x101;h-i Tihr&#x101;n ;</subfield>
    <subfield code="v">104</subfield>
  </datafield>
  <datafield tag="504" ind1=" " ind2=" ">
    <subfield code="a">Includes bibliographical references (p. [223]).</subfield>
  </datafield>
  <datafield tag="650" ind1=" " ind2="0">
    <subfield code="a">Persian literature</subfield>
    <subfield code="x">History and criticism.</subfield>
    <subfield code="9">9865</subfield>
  </datafield>
  <datafield tag="651" ind1=" " ind2="0">
    <subfield code="a">Iran</subfield>
    <subfield code="x">History.</subfield>
  </datafield>
  <datafield tag="942" ind1=" " ind2=" ">
    <subfield code="2">ddc</subfield>
    <subfield code="c">BK</subfield>
  </datafield>
  <datafield tag="999" ind1=" " ind2=" ">
    <subfield code="c">82323</subfield>
    <subfield code="d">82323</subfield>
  </datafield>
  <datafield tag="952" ind1=" " ind2=" ">
    <subfield code="0">0</subfield>
    <subfield code="1">0</subfield>
    <subfield code="2">ddc</subfield>
    <subfield code="4">0</subfield>
    <subfield code="7">1</subfield>
    <subfield code="8">NFIC</subfield>
    <subfield code="a">RUCL</subfield>
    <subfield code="b">RUCL</subfield>
    <subfield code="c">Reading</subfield>
    <subfield code="d">2023-11-21</subfield>
    <subfield code="g">53.00</subfield>
    <subfield code="o">F 891.551 FAH 1330 1951</subfield>
    <subfield code="r">2023-11-21 00:00:00</subfield>
    <subfield code="t">C-1</subfield>
    <subfield code="y">BK</subfield>
  </datafield>
</record>
